[Event "Madurai Athens of the East op 2nd"]
[Site "Madurai"]
[Date "2022.07.04"]
[Round "9"]
[White "Abdyjapar, Asyl"]
[Black "Ram, S Krishnan"]
[Result "0-1"]
[WhiteElo "2325"]
[BlackElo "2049"]
[PlyCount "76"]
[EventDate "2022.06.28"]
[EventType "swiss"]
[EventRounds "10"]
[EventCountry "IND"]
[SourceTitle "EXT 2023"]
[Source "ChessBase"]
[SourceDate "2022.10.05"]
[SourceVersion "1"]
[SourceVersionDate "2022.10.05"]
[SourceQuality "1"]

1. d4 d5 2. Bf4 Nf6 3. e3 e6 4. Nf3 Bd6 5. Bg3 0-0 6. Nbd2 c5 7. c3 b6 8. Bd3 Ba6 9. Bxa6 Nxa6 10. Qe2 Nc7 11. Rd1 c4 12. Ne5 b5 13. 0-0 a5 14. a3 Ra6 15. e4 Nxe4 16. Nxe4 dxe4 17. a4 Qe8 18. Qxe4 b4 19. Nxc4 Bxg3 20. fxg3 Qxa4 21. Ne5 Qe8 22. c4 f6 23. Nf3 Qc6 24. Qd3 a4 25. g4 Ne8 26. g5 Nd6 27. gxf6 Qxc4 28. fxg7 Rf5 29. Qe3 a3 30. bxa3 bxa3 31. Rc1 Qd5 32. g4 Rf7 33. Ng5 Rxf1+ 34. Rxf1 Nb5 35. Nxe6 Rxe6 36. Qg3 Qxd4+ 37. Kg2 Qe4+ 38. Rf3 Rf6 0-1

[Event "Madurai Athens of the East op 1st"]
[Site "Madurai"]
[Date "2019.08.13"]
[Round "4"]
[White "Ram, S Krishnan"]
[Black "Muthaiah, Al"]
[Result "1/2-1/2"]
[WhiteElo "2224"]
[BlackElo "2384"]
[PlyCount "82"]
[EventDate "2019.08.11"]
[EventType "swiss"]
[EventRounds "10"]
[EventCountry "IND"]
[SourceTitle "CBM 191 Extra"]
[Source "ChessBase"]
[SourceDate "2019.09.30"]
[SourceVersion "1"]
[SourceVersionDate "2019.09.30"]
[SourceQuality "1"]

1. Nf3 d6 2. e4 c5 3. d4 Nf6 4. Nc3 cxd4 5. Nxd4 a6 6. g3 e5 7. Nde2 h6 8. Bg2 Be7 9. a4 0-0 10. 0-0 Be6 11. h3 Nc6 12. Be3 Nb4 13. f4 Qc8 14. g4 d5 15. exd5 Rd8 16. dxe6 Rxd1 17. exf7+ Kxf7 18. Raxd1 Bc5 19. Bxc5 Qxc5+ 20. Kh1 exf4 21. Nxf4 Kg8 22. Bxb7 Rb8 23. Bg2 Nxc2 24. Ncd5 Ne3 25. b4 Qa7 26. Nxe3 Qxe3 27. Rd3 Qe7 28. b5 axb5 29. axb5 Rxb5 30. Nd5 Nxd5 31. Rxd5 Rb2 32. Rdf5 Qe2 33. Rg1 Kh7 34. Rf4 Qd2 35. Rf5 Qe2 36. Rf4 Qd2 37. Rf5 Kg8 38. Bd5+ Kh7 39. Bg2 Kg8 40. Bd5+ Kh7 41. Bg2 Kg8 1/2-1/2

[Event "Goa op 2nd"]
[Site "Taleigao"]
[Date "2019.06.22"]
[Round "7"]
[White "Ram, S Krishnan"]
[Black "Thipsay, Praveen Mahadeo"]
[Result "0-1"]
[WhiteElo "2152"]
[BlackElo "2405"]
[PlyCount "85"]
[EventDate "2019.06.18"]
[EventType "swiss"]
[EventRounds "10"]
[EventCountry "IND"]
[SourceTitle "CBM 191 Extra"]
[Source "ChessBase"]
[SourceDate "2019.09.30"]
[SourceVersion "1"]
[SourceVersionDate "2019.09.30"]
[SourceQuality "1"]

1. d4 Nf6 2. c4 g6 3. Nc3 Bg7 4. e4 d6 5. Nf3 0-0 6. Be2 Nbd7 7. 0-0 e5 8. Re1 c6 9. d5 c5 10. a3 Ne8 11. b4 f5 12. Ng5 Ndf6 13. Bf3 f4 14. bxc5 dxc5 15. a4 Nd6 16. Ba3 b6 17. Qd3 Qe7 18. Bd1 h6 19. Nf3 g5 20. a5 Ba6 21. Nd2 g4 22. Ba4 f3 23. g3 Rab8 24. Bc6 h5 25. axb6 axb6 26. Bxc5 bxc5 27. Rxa6 h4 28. Rb1 hxg3 29. hxg3 Rxb1+ 30. Ndxb1 Bh6 31. Nb5 Rd8 32. Ra7 Qf8 33. Qc3 Nf7 34. Nc7 Bg5 35. Qd3 Qh6 36. Nc3 Bd2 37. Ne6 Bxc3 38. Rxf7 Kxf7 39. Nxd8+ Ke7 40. Nb7 Bd4 41. d6+ Kf7 42. Qf1 Nh5 43. Qd3 0-1

[Event "Goa op 1st"]
[Site "Taleigao"]
[Date "2018.10.17"]
[Round "7"]
[White "Ram, S Krishnan"]
[Black "Vardan, Nagpal"]
[Result "0-1"]
[WhiteElo "2131"]
[BlackElo "2433"]
[PlyCount "126"]
[EventDate "2018.10.13"]
[EventType "swiss"]
[EventRounds "10"]
[EventCountry "IND"]
[SourceTitle "CBM 186 Extra"]
[Source "ChessBase"]
[SourceDate "2018.08.24"]
[SourceVersion "1"]
[SourceVersionDate "2018.08.24"]
[SourceQuality "1"]

1. Nf3 d5 2. d4 c6 3. c4 e6 4. Qc2 dxc4 5. Qxc4 b5 6. Qc2 Bb7 7. Bg5 Nf6 8. e4 h6 9. Bxf6 gxf6 10. Bd3 Nd7 11. 0-0 Rc8 12. Nbd2 a6 13. Rfe1 Qb6 14. a4 c5 15. axb5 axb5 16. d5 c4 17. dxe6 fxe6 18. Bf1 Bc5 19. Nb1 Ne5 20. Nxe5 fxe5 21. Nc3 0-0 22. Re2 Rf6 23. g3 Rcf8 24. Nd1 Bc6 25. Rd2 h5 26. Bg2 h4 27. gxh4 Bd4 28. Ra3 Kh7 29. Rg3 Be8 30. Kh1 Bxf2 31. Nxf2 Rxf2 32. h3 Qa7 33. Rxf2 Qxf2 34. Qc3 Qd4 35. Qc1 Rf4 36. Rg4 Qf2 37. Rg5 Qxh4 38. Rxe5 Rf6 39. Rc5 Qg3 40. Qc3 Qxc3 41. bxc3 Rf2 42. e5 Re2 43. Bb7 Kh6 44. Ba6 Ra2 45. Rc8 Bd7 46. Rc7 Rxa6 47. Rxd7 Ra1+ 48. Kg2 Re1 49. Kf3 Rxe5 50. Kf4 Rf5+ 51. Ke4 Kg6 52. Rb7 Kf6 53. Rb8 Rh5 54. Kd4 Ke7 55. Rb7+ Kd6 56. Rb6+ Kd7 57. Rb7+ Kc6 58. Re7 Kd6 59. Rb7 Rh4+ 60. Ke3 Rxh3+ 61. Kd2 Kc6 62. Rb8 Rd3+ 63. Kc2 Rd5 0-1

[Event "Sivakasi op 4th"]
[Site "Sivakasi"]
[Date "2018.04.23"]
[Round "5"]
[White "Harshad, S."]
[Black "Ram, S Krishnan"]
[Result "1/2-1/2"]
[WhiteElo "1836"]
[BlackElo "2169"]
[PlyCount "59"]
[EventDate "2018.04.21"]
[EventType "swiss"]
[EventRounds "8"]
[EventCountry "IND"]
[SourceTitle "CBM 184 Extra"]
[Source "ChessBase"]
[SourceDate "2018.06.28"]
[SourceVersion "1"]
[SourceVersionDate "2018.06.28"]
[SourceQuality "1"]

1. e4 d6 2. d4 Nf6 3. Nc3 c6 4. f4 Qa5 5. Bd3 e5 6. Nf3 exd4 7. Nxd4 g6 8. Be3 Bg7 9. Nb3 Qc7 10. Be2 0-0 11. 0-0 b5 12. Bf3 Bb7 13. Qd2 Re8 14. a3 Nbd7 15. Rad1 Nb6 16. Na5 Rad8 17. Qf2 Ba8 18. Bd4 Nbd7 19. b4 a6 20. e5 dxe5 21. fxe5 c5 22. Bxa8 cxd4 23. exf6 Nxf6 24. Bc6 dxc3 25. Bxe8 Rxe8 26. Qc5 Qb8 27. Nc6 Qc7 28. Na5 Qb8 29. Nc6 Qc7 30. Na5 1/2-1/2

[Event "New Delhi Parsvnath op-A 16th"]
[Site "New Delhi"]
[Date "2018.01.15"]
[Round "9"]
[White "Ram, S Krishnan"]
[Black "Atalik, Suat"]
[Result "1/2-1/2"]
[WhiteElo "2223"]
[BlackElo "2538"]
[PlyCount "143"]
[EventDate "2018.01.09"]
[EventType "swiss"]
[EventRounds "10"]
[EventCountry "IND"]
[SourceTitle "CBM 183"]
[Source "ChessBase"]
[SourceDate "2018.03.14"]
[SourceVersion "1"]
[SourceVersionDate "2018.03.14"]
[SourceQuality "1"]

1. Nf3 Nf6 2. c4 e6 3. g3 d5 4. Bg2 Be7 5. d4 0-0 6. 0-0 dxc4 7. Qa4 a6 8. Qxc4 b5 9. Qc2 Bb7 10. Bg5 Nbd7 11. Bxf6 Nxf6 12. Nbd2 Rc8 13. Nb3 Be4 14. Qc3 Nd5 15. Qd2 c5 16. dxc5 Bxc5 17. Nxc5 Rxc5 18. Rac1 Rxc1 19. Rxc1 Qa8 20. Qd4 Nf6 21. Rc7 Rd8 22. Qa7 Rd1+ 23. Bf1 Qd8 24. Qc5 Nd7 25. Qc3 Nb6 26. Ra7 Nc4 27. b3 Qb6 28. Rxf7 Kxf7 29. Ng5+ Kg8 30. Nxe4 Qd4 31. Qxd4 Rxd4 32. Nc5 Rd1 33. bxc4 bxc4 34. Ne4 Rc1 35. e3 a5 36. Kg2 a4 37. a3 c3 38. Bd3 Ra1 39. Nxc3 Rxa3 40. Nxa4 Rxd3 41. Nc5 Rd6 42. g4 Kf7 43. h4 Rd5 44. Ne4 h6 45. f4 Ke7 46. h5 Ra5 47. Kf3 Ra4 48. Ng3 Rc4 49. Ne4 Rb4 50. Ng3 Kd6 51. f5 Ke5 52. fxe6 Kxe6 53. Nf5 Kf6 54. Nd4 Kg5 55. Kg3 Ra4 56. Ne6+ Kf6 57. Nd4 Ra1 58. Nf3 Ke6 59. Kf4 Ra4+ 60. e4 Kf6 61. Nh4 Ra1 62. Nf3 Rf1 63. Ke3 Rd1 64. Ke2 Ra1 65. Ke3 Ra3+ 66. Kf4 Rd3 67. Nh4 Ke6 68. Nf5 Rd7 69. g5 hxg5+ 70. Kxg5 Kf7 71. h6 gxh6+ 72. Nxh6+ 1/2-1/2

[Event "New Delhi Parsvnath op-A 16th"]
[Site "New Delhi"]
[Date "2018.01.10"]
[Round "2"]
[White "Lalith, Babu MR"]
[Black "Ram, S Krishnan"]
[Result "1-0"]
[WhiteElo "2542"]
[BlackElo "2223"]
[PlyCount "51"]
[EventDate "2018.01.09"]
[EventType "swiss"]
[EventRounds "10"]
[EventCountry "IND"]
[SourceTitle "CBM 182 Extra"]
[Source "ChessBase"]
[SourceDate "2018.02.23"]
[SourceVersion "1"]
[SourceVersionDate "2018.02.23"]
[SourceQuality "1"]

1. c4 e5 2. g3 f5 3. Bg2 Nf6 4. Nf3 e4 5. Ng5 c6 6. d3 d5 7. dxe4 fxe4 8. cxd5 cxd5 9. 0-0 Bf5 10. Nh3 Nc6 11. Bg5 Qd7 12. Nf4 0-0-0 13. Nc3 Be6 14. Rc1 Kb8 15. Nxe6 Qxe6 16. Qb3 Qf5 17. Bxf6 gxf6 18. Rfd1 Bh6 19. e3 Ne5 20. Nb5 Rd7 21. Qa4 Nc6 22. Rxc6 bxc6 23. Nd4 Qg4 24. h3 Qg7 25. Nxc6+ Ka8 26. Nd4 1-0

[Event "Bhopal op"]
[Site "Bhopal"]
[Date "2017.12.28"]
[Round "10"]
[White "Ram, S Krishnan"]
[Black "Manish, Anto Cristiano F"]
[Result "1-0"]
[WhiteElo "2255"]
[BlackElo "2055"]
[PlyCount "53"]
[EventDate "2017.12.21"]
[EventType "swiss"]
[EventRounds "10"]
[EventCountry "IND"]
[SourceTitle "CBM 182 Extra"]
[Source "ChessBase"]
[SourceDate "2018.02.23"]
[SourceVersion "1"]
[SourceVersionDate "2018.02.23"]
[SourceQuality "1"]

1. Nf3 d5 2. c4 c6 3. e3 Nf6 4. Nc3 e6 5. d4 Nbd7 6. Qc2 Bd6 7. e4 dxe4 8. Nxe4 Nxe4 9. Qxe4 Nf6 10. Qh4 Bb4+ 11. Bd2 Bxd2+ 12. Nxd2 0-0 13. 0-0-0 b5 14. c5 Qd5 15. Nf3 Qxa2 16. Bd3 a5 17. Ne5 h6 18. Bb1 Qd5 19. Rhe1 a4 20. Re3 a3 21. bxa3 b4 22. axb4 Ra1 23. Rdd3 Qa2 24. Rb3 Nd5 25. Rg3 Qe2 26. Rxg7+ Kxg7 27. Rg3+ 1-0

[Event "Bhopal op"]
[Site "Bhopal"]
[Date "2017.12.24"]
[Round "6"]
[White "Ram, S Krishnan"]
[Black "Tran, Tuan Minh"]
[Result "0-1"]
[WhiteElo "2255"]
[BlackElo "2544"]
[PlyCount "85"]
[EventDate "2017.12.21"]
[EventType "swiss"]
[EventRounds "10"]
[EventCountry "IND"]
[SourceTitle "CBM 182 Extra"]
[Source "ChessBase"]
[SourceDate "2018.02.23"]
[SourceVersion "1"]
[SourceVersionDate "2018.02.23"]
[SourceQuality "1"]

1. Nf3 Nf6 2. c4 b6 3. g3 Bb7 4. Bg2 e6 5. 0-0 Be7 6. Nc3 0-0 7. d4 Ne4 8. Nxe4 Bxe4 9. Nh4 Bxg2 10. Nxg2 c6 11. e4 d5 12. Qe2 dxc4 13. Qxc4 c5 14. Be3 Nc6 15. dxc5 Ne5 16. Qc3 Bf6 17. Qc2 Nf3+ 18. Kh1 bxc5 19. Bxc5 Qc7 20. Rac1 Qe5 21. Bxf8 Qh5 22. Nh4 Nxh4 23. f4 Rxf8 24. gxh4 Qxh4 25. Qf2 Qh3 26. e5 Bh4 27. Qxa7 Rd8 28. Qa3 Qf5 29. Qf3 g6 30. Rfd1 Rb8 31. b3 Rb4 32. Rc4 Rxc4 33. bxc4 Qc2 34. f5 exf5 35. Qd5 Qe2 36. c5 Bg5 37. Qd3 Qxe5 38. c6 Qc5 39. Qd5 Qc2 40. Rg1 Be3 41. Re1 Qc3 42. Rb1 Bf4 43. Rf1 0-1

[Event "IND-ch Challengers 55th"]
[Site "Ahmedabad"]
[Date "2017.08.16"]
[Round "5"]
[White "Swayams, Mishra"]
[Black "Ram, S Krishnan"]
[Result "1/2-1/2"]
[WhiteElo "2455"]
[BlackElo "2214"]
[PlyCount "83"]
[EventDate "2017.08.13"]
[EventType "swiss"]
[EventRounds "13"]
[EventCountry "IND"]
[SourceTitle "CBM 180 Extra"]
[Source "ChessBase"]
[SourceDate "2017.10.06"]
[SourceVersion "1"]
[SourceVersionDate "2017.10.06"]
[SourceQuality "1"]

1. d4 d5 2. c4 c6 3. Nf3 Nf6 4. Nc3 e6 5. Bg5 Nbd7 6. e3 h6 7. Bh4 Be7 8. Bd3 0-0 9. 0-0 b6 10. cxd5 Nxd5 11. Bg3 Nxc3 12. bxc3 Bb7 13. Bc2 c5 14. Qe2 Nf6 15. e4 cxd4 16. cxd4 Rc8 17. Be5 Rxc2 18. Qxc2 Bxe4 19. Qb3 Qa8 20. Rfc1 Rc8 21. Rxc8+ Qxc8 22. Nd2 Bd5 23. Qd3 Qc6 24. f3 b5 25. Nf1 Bc4 26. Qd2 Nd5 27. Ne3 Nxe3 28. Qxe3 Bd8 29. Bg3 Bb6 30. Bf2 Qd5 31. a3 a5 32. Qe5 a4 33. Qb8+ Qd8 34. Qxd8+ Bxd8 35. Be1 Be7 36. Kf2 Kf8 37. Ke3 Ke8 38. Bc3 f6 39. Kd2 Kd7 40. Ba5 Kc6 41. Kc3 Kd5 42. Bb6 1/2-1/2

[Event "Chennai op 9th"]
[Site "Chennai"]
[Date "2017.01.25"]
[Round "10"]
[White "Nayak, Rajesh"]
[Black "Ram, S Krishnan"]
[Result "1-0"]
[WhiteElo "2089"]
[BlackElo "2239"]
[PlyCount "77"]
[EventDate "2017.01.18"]
[EventType "swiss"]
[EventRounds "10"]
[EventCountry "IND"]
[SourceTitle "CBM 176 Extra"]
[Source "ChessBase"]
[SourceDate "2017.03.02"]
[SourceVersion "1"]
[SourceVersionDate "2017.03.02"]
[SourceQuality "1"]

1. e4 d5 2. exd5 Qxd5 3. Nc3 Qd6 4. d4 c6 5. Ne4 Qd5 6. Nc3 Qa5 7. Bc4 Nf6 8. Nf3 Bg4 9. Bd2 e6 10. h3 Bh5 11. Qe2 Bb4 12. a3 Nbd7 13. 0-0-0 Bxc3 14. Bxc3 Qc7 15. Kb1 0-0-0 16. Bd2 Nd5 17. g3 N7b6 18. Bd3 c5 19. c4 Nf6 20. Bf4 Bxf3 21. Qxf3 Qe7 22. Qe2 Nfd7 23. dxc5 Qxc5 24. b4 Qe7 25. Be4 Nf6 26. Bf3 Rxd1+ 27. Rxd1 Rd8 28. Qe5 Rxd1+ 29. Bxd1 Kd8 30. Bf3 Qd7 31. Qb8+ Ke7 32. Qxb7 Qxb7 33. Bxb7 Nxc4 34. Ka2 e5 35. Bc1 Kd6 36. Kb3 Nb6 37. Be3 Nfd5 38. Bc5+ Ke6 39. a4 1-0

[Event "Chennai op 9th"]
[Site "Chennai"]
[Date "2017.01.23"]
[Round "7"]
[White "Ram, S Krishnan"]
[Black "Muthuswamy, A."]
[Result "1-0"]
[WhiteElo "2239"]
[BlackElo "2101"]
[PlyCount "111"]
[EventDate "2017.01.18"]
[EventType "swiss"]
[EventRounds "10"]
[EventCountry "IND"]
[SourceTitle "CBM 176 Extra"]
[Source "ChessBase"]
[SourceDate "2017.03.02"]
[SourceVersion "1"]
[SourceVersionDate "2017.03.02"]
[SourceQuality "1"]

1. Nf3 Nf6 2. c4 g6 3. Nc3 d6 4. d4 Bf5 5. Nh4 Bd7 6. e4 e5 7. Nf3 Nc6 8. d5 Ne7 9. c5 Bg7 10. Qb3 dxc5 11. Qxb7 0-0 12. Be3 Ne8 13. Bxc5 Nd6 14. Qa6 Qb8 15. Bxd6 Qxb2 16. Nd1 Qxa1 17. Bxe7 Rfb8 18. Bd3 f5 19. 0-0 fxe4 20. Bxe4 Rb6 21. Qa3 Rab8 22. Re1 a5 23. Ne3 Qb2 24. Nc4 Qxa3 25. Bxa3 Rb5 26. Nfxe5 Bf5 27. Bxf5 gxf5 28. Nc6 Rb1 29. Kf1 Rxe1+ 30. Kxe1 Rb1+ 31. Ke2 Ra1 32. Ne7+ Kf7 33. Nxf5 Rxa2+ 34. Kf3 a4 35. Nxg7 Kxg7 36. Be7 Rc2 37. Ne3 Rc3 38. d6 cxd6 39. Bxd6 Kf7 40. Be5 Rb3 41. Ke2 a3 42. Nc2 a2 43. f4 Rb1 44. g4 Rc1 45. Kd3 Rd1+ 46. Kc4 Rd2 47. Kb3 Rxh2 48. Nb4 Rh4 49. g5 h6 50. gxh6 Rxh6 51. Kxa2 Ke6 52. Kb3 Kf5 53. Kc4 Ke4 54. Kc5 Re6 55. Nc6 Rh6 56. Nd8 1-0

[Event "IND-ch Challengers 54th"]
[Site "Noida"]
[Date "2016.07.16"]
[Round "10"]
[White "Ram, S Krishnan"]
[Black "Mehar, Chinna Reddy CH"]
[Result "0-1"]
[WhiteElo "2261"]
[BlackElo "2373"]
[PlyCount "71"]
[EventDate "2016.07.09"]
[EventType "swiss"]
[EventRounds "13"]
[EventCountry "IND"]
[SourceTitle "CBM 173 Extra"]
[Source "ChessBase"]
[SourceDate "2016.08.29"]
[SourceVersion "1"]
[SourceVersionDate "2016.08.29"]
[SourceQuality "1"]

1. b3 d5 2. Bb2 Nf6 3. e3 c5 4. Nf3 Nc6 5. Bb5 Bg4 6. h3 Bh5 7. g4 Bg6 8. Ne5 Qd6 9. f4 e6 10. d3 Nd7 11. Bxc6 bxc6 12. h4 f6 13. Nxd7 Qxd7 14. h5 Bf7 15. h6 Bg6 16. Nd2 Bd6 17. Qf3 gxh6 18. 0-0-0 Rf8 19. e4 Qg7 20. exd5 exd5 21. f5 Bf7 22. Qe3+ Kd7 23. Qxh6 Qxh6 24. Rxh6 Bg8 25. Rxf6 Rfe8 26. Kb1 Bf8 27. Nf3 d4 28. Ba3 Bg7 29. g5 Bd5 30. Rf1 Bxf6 31. gxf6 Bxf3 32. Rxf3 Re5 33. Rh3 Rh8 34. Rh5 Ke8 35. Bc1 Kf7 36. Bf4 0-1

[Event "Mumbai Mayors Cup 9th"]
[Site "Mumbai"]
[Date "2016.06.08"]
[Round "9"]
[White "Ram, S Krishnan"]
[Black "Krishna, C Revanth Gopala"]
[Result "0-1"]
[WhiteElo "2234"]
[BlackElo "2411"]
[PlyCount "70"]
[EventDate "2016.06.02"]
[EventType "swiss"]
[EventRounds "10"]
[EventCountry "IND"]
[SourceTitle "CBM 173 Extra"]
[Source "ChessBase"]
[SourceDate "2016.08.29"]
[SourceVersion "1"]
[SourceVersionDate "2016.08.29"]
[SourceQuality "1"]

1. c4 Nf6 2. Nf3 d6 3. d4 Nbd7 4. Nc3 e5 5. e4 Be7 6. Be2 0-0 7. 0-0 c6 8. Rb1 a6 9. Re1 b5 10. b4 bxc4 11. Bxc4 Rb8 12. Bg5 Bb7 13. dxe5 Nxe5 14. Bb3 Bc8 15. h3 Rxb4 16. Bxf7+ Nxf7 17. Rxb4 Nxg5 18. Nxg5 d5 19. Ra4 Bc5 20. Nf3 Qb6 21. Re2 Rd8 22. exd5 cxd5 23. Qb3 Qc7 24. Ne4 Be7 25. Nxf6+ Bxf6 26. Rae4 Qf7 27. Ne5 Qe6 28. R4e3 d4 29. Re4 Qxb3 30. axb3 Bb7 31. Nd3 Bxe4 32. Rxe4 Rc8 33. Nb4 Rc1+ 34. Kh2 Kf7 35. Nd5 d3 0-1

[Event "Mumbai Mayors Cup 9th"]
[Site "Mumbai"]
[Date "2016.06.07"]
[Round "8"]
[White "Abhishek, Kelkar"]
[Black "Ram, S Krishnan"]
[Result "1/2-1/2"]
[WhiteElo "2394"]
[BlackElo "2234"]
[PlyCount "66"]
[EventDate "2016.06.02"]
[EventType "swiss"]
[EventRounds "10"]
[EventCountry "IND"]
[SourceTitle "CBM 173 Extra"]
[Source "ChessBase"]
[SourceDate "2016.08.29"]
[SourceVersion "1"]
[SourceVersionDate "2016.08.29"]
[SourceQuality "1"]

1. d4 Nf6 2. c4 e6 3. Nf3 Bb4+ 4. Nbd2 0-0 5. a3 Bxd2+ 6. Qxd2 b6 7. g3 Bb7 8. Bg2 a5 9. b3 d6 10. 0-0 Nbd7 11. Bb2 Qe7 12. Rfd1 Be4 13. Rac1 Rad8 14. d5 e5 15. Ne1 Bxg2 16. Nxg2 Nc5 17. Qc2 Ra8 18. Ne3 g6 19. b4 Ncd7 20. Rf1 Nh5 21. Nd1 f5 22. Nc3 f4 23. Ne4 axb4 24. axb4 Ndf6 25. c5 bxc5 26. bxc5 Nxe4 27. Qxe4 Qf7 28. Qd3 Ra5 29. Ba3 Nf6 30. Bb4 Ra4 31. Qb3 Ra6 32. Qc4 Ra4 33. Qb3 Ra6 1/2-1/2

[Event "Mumbai Mayors Cup 8th"]
[Site "Mumbai"]
[Date "2015.06.04"]
[Round "4"]
[White "Mohammad, Nubairshah Shaikh"]
[Black "Ram, S Krishnan"]
[Result "1-0"]
[WhiteElo "2428"]
[BlackElo "2253"]
[PlyCount "83"]
[EventDate "2015.06.02"]
[EventType "swiss"]
[EventRounds "10"]
[EventCountry "IND"]
[SourceTitle "CBM 166 Extra"]
[Source "ChessBase"]
[SourceDate "2015.06.18"]
[SourceVersion "1"]
[SourceVersionDate "2015.06.18"]
[SourceQuality "1"]

1. d4 Nf6 2. c4 e6 3. Nc3 Bb4 4. Qc2 0-0 5. e4 c5 6. e5 cxd4 7. a3 dxc3 8. axb4 Ng4 9. Qxc3 f6 10. exf6 Nxf6 11. Nf3 Nc6 12. b5 Ne7 13. Be2 b6 14. 0-0 Bb7 15. Rd1 Ng6 16. Qd4 d5 17. Ne5 Ne7 18. Bd3 dxc4 19. Bxc4 Ned5 20. Bg5 Qe8 21. Re1 h6 22. Bh4 Nh5 23. Nc6 Bxc6 24. bxc6 Rf4 25. Re4 Qxc6 26. Bxd5 Qxd5 27. Rxf4 Nxf4 28. Qxf4 g5 29. Qg4 Qf5 30. Qg3 Rd8 31. h3 a5 32. Qc7 Rd2 33. Bg3 Rxb2 34. Rd1 Rb1 35. Rxb1 Qxb1+ 36. Kh2 a4 37. Be5 Kf8 38. Qd8+ Kf7 39. Qd7+ Kf8 40. Bd6+ Kg8 41. Qe8+ Kg7 42. Be5+ 1-0